000 00381nam a2200145Ia 4500
008 240624s9999 xx 000 0 und d
041 _aeng
082 _a368 NIE
100 _aNIEHAUS GREGORY R
245 _aINSURANCE AND RISK MANAGEMENT
260 _c2008
_aUnited Kingdom
_bEdward Elgar Publishing
300 _axviii, : 497 : p. : cm. ; 24
365 _cGBP
_b50
440 _v2
999 _c27253
_d27253